Normal view
MARC view
Entry Personal Name
001 - CONTROL NUMBER
- control field: 50174
003 - CONTROL NUMBER IDENTIFIER
- control field: ARRUPE
005 - DATE AND TIME OF LATEST TRANSACTION
- control field: 20210702121800.0
008 - FIXED-LENGTH DATA ELEMENTS
- fixed length control field: 210702|| aca||aabn | a|a d
040 ## - CATALOGING SOURCE
- Original cataloging agency: ARRUPE
- Transcribing agency: ARRUPE
100 ## - HEADING--PERSONAL NAME
- Personal name: Chikwekwete, Miriam (ed.)
670 ## - SOURCE DATA FOUND
- Source citation: Work cat.: (ARRUPE): Chikwekwete, Miriam (ed.), Combating Human Trafficking: Voices from East, West and Southern Africa, 2021